Normal view
MARC view
- Keenjhar
Entry Personal Name
001 - CONTROL NUMBER
- control field: 69809
003 - CONTROL NUMBER IDENTIFIER
- control field: NUST
005 - DATE AND TIME OF LATEST TRANSACTION
- control field: 20210628204312.0
008 - FIXED-LENGTH DATA ELEMENTS
- fixed length control field: 210628|| aca||aabn | a|a d
040 ## - CATALOGING SOURCE
- Original cataloging agency: NUST
- Transcribing agency: NUST
100 ## - HEADING--PERSONAL NAME
- Personal name: Keenjhar
670 ## - SOURCE DATA FOUND
- Source citation: Work cat.: (NUST): Keenjhar , TH-SOF-1535-Automatic Tuberculosis Detection System using Image Processing Techniques, 2018
